000
00366nam a22001577a 4500
003
MPLRDC
005
20220104125420.0
008
210129b ||||| |||| 00| 0 eng d
082
_a
857.9 NK-6 v.8
100
_a
倪匡
245
_a
六指琴魔. 八
_c
260
_a
_b
广记书报社
_c
300
_b
平
650
_a
武侠小说
942
_c
BK
_o
857.9 NK-6 v.8
999
_c
27181
_d
27171